| 000 | 00399nam a2200145Ia 4500 | ||
|---|---|---|---|
| 008 | 230917s9999||||xx |||||||||||||| ||und|| | ||
| 040 |
_e53451 _aMAIN |
||
| 041 | _aEnglish | ||
| 082 | _aB N315N:I | ||
| 100 | _aNarasimhaiah, C D, ed. | ||
| 245 | 0 | _aIndia's spokesman: From speeches and addresses by Pandit Jawaharlal Nehru | |
| 260 |
_aMadras _bMacmillan _c1960 |
||
| 300 | _a306 p. | ||
| 942 | _cBK | ||
| 999 |
_c181768 _d181768 |
||